00363nam a2200145Ia 4500003000400000005001700004008004000021040000700061041001200068082001300080100001900093245004000112260005700152300000800209OSt20220912112421.0210210b1969 xxu||||| |||| 00| 0 eng d cAL aEnglish a413 SAHE aSAHNI (Swarn). aEverybodys technical terms in hindi aNew DelhibParent Teacher Association of Indiac1969 a276